| 000 | 00688nam a2200217 a 4500 | ||
|---|---|---|---|
| 001 | 000023214 | ||
| 005 | 20200930022050.0 | ||
| 008 | 101130k19201932xxu 000 0 eng d | ||
| 040 |
_aDO-SdBNP _beng _cBNPHU |
||
| 082 |
_ann* _bnn* |
||
| 245 | 0 | 0 | _aSelect documents illustrating the four voyages of columbus. |
| 260 |
_a[Estados Unidos] : _bThe Hakluyt Society, _c1920-1932. |
||
| 300 |
_av. ; _c22 cm. |
||
| 490 | 1 |
_aV. 1. Second series _v65 |
|
| 490 | 1 |
_aV. 2. Second series _v70 |
|
| 500 | _aIncluye índice. | ||
| 500 | _aLa biblioteca sólo posee los volumenes 1 y 2. | ||
| 830 | 0 |
_aV. 1. _pSecond series _v65 _947793 |
|
| 830 | 0 |
_aV. 2. _pSecond series _v70 _947794 |
|
| 049 | _aBNGR | ||
| 999 |
_c22711 _d22711 |
||